[Event "GER-chT Betriebe 16th"]
[Site "Dresden"]
[Date "2016.11.05"]
[Round "5.1"]
[White "Seger, Ruediger"]
[Black "Hoffmann, Hendrik"]
[Result "1-0"]
[WhiteElo "2372"]
[BlackElo "2266"]
[PlyCount "133"]
[EventDate "2016.11.03"]
[EventType "team-swiss"]
[EventRounds "7"]
[EventCountry "GER"]
[SourceTitle "EXT 2020"]
[Source "ChessBase"]
[SourceDate "2019.10.17"]
[SourceVersion "1"]
[SourceVersionDate "2019.10.17"]
[SourceQuality "1"]
[WhiteTeam "Bonn Deutsche Post"]
[BlackTeam "Leipzig Publishing Services"]
[WhiteTeamCountry "GER"]
[BlackTeamCountry "GER"]

1. e4 c5 2. b3 Nf6 3. e5 Nd5 4. Nf3 Nc6 5. Bb2 e6 6. Nc3 Nxc3 7. Bxc3 Be7 8. Bb5 Qb6 9. a4 0-0 10. 0-0 Nd4 11. Bd3 f5 12. a5 Nxf3+ 13. Qxf3 Qc7 14. a6 Rb8 15. axb7 Bxb7 16. Qe2 Ra8 17. Ba6 f4 18. Bxb7 Qxb7 19. f3 a5 20. Ra4 Bd8 21. Rfa1 Bb6 22. Kf1 Qc7 23. Rc4 Qd8 24. Raa4 Qh4 25. h3 g5 26. d3 Qh5 27. Qe1 h6 28. Bxa5 Bxa5 29. Rxa5 Rxa5 30. Qxa5 g4 31. hxg4 Qh1+ 32. Kf2 Qh4+ 33. Ke2 Qh1 34. Qxc5 Ra8 35. Ra4 Rxa4 36. bxa4 Qxg2+ 37. Qf2 Qh1 38. Qf1 Qh2+ 39. Kd1 Qh4 40. d4 Qe7 41. Qd3 Kg7 42. Qb5 Qa3 43. Qxd7+ Kh8 44. Qc8+ Kg7 45. Qb7+ Kh8 46. Qe4 Qxa4 47. Qxf4 Kh7 48. Qe4+ Kg7 49. d5 Qa1+ 50. Ke2 exd5 51. Qxd5 Qg1 52. Qe4 Qg2+ 53. Kd3 Qf1+ 54. Qe2 Qb1 55. e6 Kf8 56. f4 Qb4 57. f5 Qb5+ 58. Ke3 Qe5+ 59. Kf3 Qd5+ 60. Kg3 Qh1 61. f6 Qg1+ 62. Kf3 Qh1+ 63. Kf4 Qc1+ 64. Qe3 Qf1+ 65. Kg3 Ke8 66. f7+ Ke7 67. f8Q+ 1-0

[Event "GER-chT Betriebe 16th"]
[Site "Dresden"]
[Date "2016.11.04"]
[Round "3.1"]
[White "Seger, Ruediger"]
[Black "Segerberg, Tomas Olof"]
[Result "1-0"]
[WhiteElo "2372"]
[BlackElo "2075"]
[PlyCount "63"]
[EventDate "2016.11.03"]
[EventType "team-swiss"]
[EventRounds "7"]
[EventCountry "GER"]
[SourceTitle "EXT 2020"]
[Source "ChessBase"]
[SourceDate "2019.10.17"]
[SourceVersion "1"]
[SourceVersionDate "2019.10.17"]
[SourceQuality "1"]
[WhiteTeam "Bonn Deutsche Post"]
[BlackTeam "Muenchen Europ Patentamt"]
[WhiteTeamCountry "GER"]
[BlackTeamCountry "GER"]

1. e4 e6 2. d4 d5 3. Nd2 Nf6 4. e5 Nfd7 5. c3 c5 6. Bd3 Nc6 7. Ne2 cxd4 8. cxd4 f6 9. exf6 Nxf6 10. Nf3 Qb6 11. 0-0 Bd6 12. b3 0-0 13. Bb2 Bd7 14. Ng3 Rac8 15. Ne5 Be8 16. Rc1 Rc7 17. Bb1 Nd8 18. Rxc7 Qxc7 19. Re1 Qb6 20. Qd2 Nf7 21. Qc2 Ng5 22. h4 Nge4 23. Nxe4 Nxe4 24. Rxe4 dxe4 25. Qxe4 Bxe5 26. Qxh7+ Kf7 27. Qh5+ Ke7 28. Qxe5 Rf6 29. Bc1 Kf8 30. Bg5 Rf7 31. Bg6 Rd7 32. Qf4+ 1-0

[Event "GER-chT Betriebe 16th"]
[Site "Dresden"]
[Date "2016.11.03"]
[Round "2.1"]
[White "Ungerer, Markus"]
[Black "Seger, Ruediger"]
[Result "0-1"]
[WhiteElo "2125"]
[BlackElo "2372"]
[PlyCount "88"]
[EventDate "2016.11.03"]
[EventType "team-swiss"]
[EventRounds "7"]
[EventCountry "GER"]
[SourceTitle "EXT 2020"]
[Source "ChessBase"]
[SourceDate "2019.10.17"]
[SourceVersion "1"]
[SourceVersionDate "2019.10.17"]
[SourceQuality "1"]
[WhiteTeam "Stuttgart Wuestenrot&Wuertt"]
[BlackTeam "Bonn Deutsche Post"]
[WhiteTeamCountry "GER"]
[BlackTeamCountry "GER"]

1. e4 c6 2. d4 d5 3. Nd2 dxe4 4. Nxe4 Bf5 5. Ng3 Bg6 6. Nf3 Nd7 7. h4 h6 8. h5 Bh7 9. Bd3 Bxd3 10. Qxd3 e6 11. Bd2 Ngf6 12. 0-0-0 Be7 13. c4 0-0 14. Bc3 b5 15. Ne4 bxc4 16. Nxf6+ Bxf6 17. Qxc4 Nb6 18. Qb3 Nd5 19. Ne5 Rb8 20. Qc4 Nxc3 21. Qxc3 Qd5 22. Kb1 c5 23. Rhe1 Rbd8 24. Qg3 cxd4 25. Ng4 Qf5+ 26. Ka1 Kh8 27. Nxf6 Qxf6 28. f4 Rd5 29. Qa3 Ra8 30. Qf3 Rad8 31. Rd3 Rf5 32. Re4 e5 33. g3 exf4 34. g4 Re5 35. a3 Rxe4 36. Qxe4 g5 37. hxg6 fxg6 38. b4 g5 39. b5 h5 40. gxh5 g4 41. Qc6 Qxc6 42. bxc6 g3 43. c7 Rc8 44. Rxd4 Rxc7 0-1

[Event "Schwert von Luelsdorf op 27th"]
[Site "Niederkassel"]
[Date "2016.09.04"]
[Round "8"]
[White "Seger, Ruediger"]
[Black "Epishin, Vladimir"]
[Result "0-1"]
[WhiteElo "2363"]
[BlackElo "2569"]
[PlyCount "78"]
[EventDate "2016.09.04"]
[EventType "swiss (rapid)"]
[EventRounds "9"]
[EventCountry "GER"]
[SourceTitle "CBM 174 Extra"]
[Source "ChessBase"]
[SourceDate "2016.10.10"]
[SourceVersion "1"]
[SourceVersionDate "2016.10.10"]
[SourceQuality "1"]

1. e4 c6 2. d4 d5 3. Nd2 dxe4 4. Nxe4 Bf5 5. Ng3 Bg6 6. h4 h6 7. Nf3 Nd7 8. h5 Bh7 9. Bd3 Bxd3 10. Qxd3 Qc7 11. Bd2 Ngf6 12. 0-0-0 e6 13. Ne4 0-0-0 14. g3 Nxe4 15. Qxe4 Nf6 16. Qe2 Rd5 17. c4 Rxh5 18. Rhe1 g5 19. Bc3 g4 20. Ne5 Rg8 21. Kb1 Bd6 22. Rd3 Rf5 23. Re3 h5 24. b3 Rd8 25. Nd3 Nd7 26. Rd1 Bf8 27. Qc2 Bh6 28. Re2 b6 29. Nb4 Kb7 30. d5 cxd5 31. cxd5 Nc5 32. dxe6 Rxd1+ 33. Qxd1 fxe6 34. Qh1+ Rf3 35. Rc2 a5 36. Qxh5 axb4 37. Bxb4 Bf8 38. Qxg4 Qc6 39. Be1 Qd5 0-1